Physicochemical and environmental plant physiology

Saved in:
Bibliografiske detaljer
Hovedforfatter: Nobel, Park S. (Author)
Format: Bog
Sprog:engelsk
Udgivet: Oxford Elsevier 2009
Udgivelse:4a. ed
Serier:Plant Biology
Fag:
Tags: Tilføj Tag
Ingen Tags, Vær først til at tagge denne postø!

MARC

LEADER 00000nam a2200000 a 4500
001 UCH3246
003 CL-VaPUC
008 090722e20090000UK |||||||||||||||||eng|d
020 |a 9780123741431 
082 0 4 |a 571.2  |b NOB  |2 21 
100 |a Nobel, Park S.  |e author  |9 538542 
245 1 0 |a Physicochemical and environmental plant physiology 
250 |a 4a. ed 
300 |a 582 p 
942 |c BK 
945 |d 20090722 00:00:00  |a cmena 
260 |a Oxford  |b Elsevier  |c 2009 
650 0 |a Fisiología vegetal  |9 260158 
650 0 |a Química botánica  |9 479347 
650 7 |a ECOFISIOLOGIA DE LAS PLANTAS  |2 CL-VaPUC  |9 463798 
583 |a last modification  |c 20090722 00:00:00  |k Rodrigo Vera 
490 0 |a Plant Biology 
999 |c 334863  |d 334861 
952 |0 0  |1 0  |4 0  |6 571_200000000000000_NOB_2009  |7 0  |8 A  |9 424111  |a BIBCUR  |b BIBCUR  |d 2019-11-22  |i 4579100  |o 571.2 NOB 2009  |p 4579100  |r 2025-04-22  |w 2019-11-22  |y BK  |k BCB